| 000 | 00435nam a2200145Ia 4500 | ||
|---|---|---|---|
| 999 |
_c22511 _d22511 |
||
| 082 | _aTS.0856 | ||
| 100 | _aSaroj Bala | ||
| 245 | 0 | _aUniversity library finance : A case study of Punjab | |
| 260 |
_c1995 _bPunjabi University |
||
| 300 | _avii+174p. | ||
| 650 | _aLIBRARIES, UNIVERSITY AND COLLEGE - FINANCE - PUNJAB | ||
| 650 | _aUNIVERSITY LIBRARIES//LIBRARIES, UNIVERSITY AND COLLEGE | ||
| 710 | _aBaldev Singh | ||
| 942 |
_cTH _2ddc |
||